| 000 | 00539nam a2200169Ia 4500 | ||
|---|---|---|---|
| 008 | 090711s9999 xx 000 0 und d | ||
| 082 | _b35073 | ||
| 100 | _aकुलकर्णी द. भि. | ||
| 245 | _aतिस-यांदा रणांगण | ||
| 260 | _c1976 | ||
| 300 | _a164 | ||
| 600 | _aकुलकर्णी द. भि. | ||
| 630 | _aतिस-यांदा रणांगण | ||
| 700 | _aकुलकर्णी द. भि. | ||
| 730 | _aतिस-यांदा रणांगण | ||
| 942 | _cBOOK | ||
| 999 |
_c315466 _d315466 |
||